000
00255nam a2200109Ia 4500
008
190914s9999||||xx |||||||||||||| ||und||
100
_a
M.C.Shukla
245
0
_a
Advanced Accounts
260
_a
New Jersey
_b
Prentice Hall
_c
2002
300
_a
368
942
_c
BK
999
_c
9421
_d
9421